000 00427nam a2200133 a 4500
001 000006236
005 20200929153914.0
008 090827s1981 ag a 000 0 spa d
040 _aDO-SdBNP
_bspa
_cBNPHU
100 1 _aBustamante Zuleta, Ernesto
_917430
245 1 0 _aEl dolor :
_bsus causas, variedades y modos de combatirlo /
_cErnesto Bustamante Zuleta.
260 _aArgentina :
_bEl Ateneo,
_c1981.
300 _a211 p. ;
_c23 cm.
999 _c6031
_d6031